Основные геологические факторы, влияющие на формирование показателей качества углей (на примере Нерюнгринского угольного месторождения); Известия Томского политехнического университета [Известия ТПУ]; Т. 309, № 4
| Parent link: | Известия Томского политехнического университета [Известия ТПУ]/ Томский политехнический университет (ТПУ).— , 2000- Т. 309, № 4.— 2006.— [С. 47-51] |
|---|---|
| Hovedforfatter: | |
| Summary: | Заглавие с титульного листа Электронная версия печатной публикации Рассмотрены генетические и эпигенетические факторы, влияющие на формирование угольного пласта (его характеристик, выражающихся через морфологию, петрографический состав, восстановленность, степень метаморфизма, окисленность, нарушенность, физические свойства и показатели качества углей). Основная задача исследования состояла в установлении значимых факторов, в большей степени влияющих на показатели качества угольных пластов. Показано решение поставленной задачи с позиции системного подхода при изучении массива горных пород, заключающегося в выделении и изучении множеств взаимосвязанных элементов, и оценке их влияния путем поочередного нормирования основных связей. Исследование проводилось в условиях пласта "Мощный" Нерюнгринского каменноугольного месторождения Южно-Якутского бассейна. При обработке экспериментальных данных использовались методы корреляционно-регрессионного анализа. Результаты исследований позволяют полнее использовать геологическую информацию и геофизические методы для оперативного планирования геологоразведочного процесса и горно-добычных работ. |
| Sprog: | russisk |
| Udgivet: |
2006
|
| Serier: | Естественные науки |
| Fag: | |
| Online adgang: | http://www.lib.tpu.ru/fulltext/v/Bulletin_TPU/2006/v309/i4/09.pdf |
| Format: | Electronisk Book Chapter |
| KOHA link: | https://koha.lib.tpu.ru/cgi-bin/koha/opac-detail.pl?biblionumber=171402 |
MARC
| LEADER | 00000nla2a2200000 4500 | ||
|---|---|---|---|
| 001 | 171402 | ||
| 005 | 20231031163958.0 | ||
| 035 | |a (RuTPU)RU\TPU\book\185860 | ||
| 035 | |a RU\TPU\book\185858 | ||
| 090 | |a 171402 | ||
| 100 | |a 20091204d2006 k y0rusy50 ca | ||
| 101 | 0 | |a rus | |
| 102 | |a RU | ||
| 135 | |a drnn ---uucaa | ||
| 181 | 0 | |a i | |
| 182 | 0 | |a b | |
| 200 | 1 | |a Основные геологические факторы, влияющие на формирование показателей качества углей (на примере Нерюнгринского угольного месторождения) |b Электронный ресурс |f О. Л. Шумилова | |
| 203 | |a Текст |c электронный | ||
| 215 | |a 1 файл (313 Кб) | ||
| 225 | 1 | |a Естественные науки | |
| 230 | |a Электронные текстовые данные (1 файл : 313 Кб) | ||
| 300 | |a Заглавие с титульного листа | ||
| 300 | |a Электронная версия печатной публикации | ||
| 320 | |a [Библиогр.: с. 51 (8 назв.)] | ||
| 330 | |a Рассмотрены генетические и эпигенетические факторы, влияющие на формирование угольного пласта (его характеристик, выражающихся через морфологию, петрографический состав, восстановленность, степень метаморфизма, окисленность, нарушенность, физические свойства и показатели качества углей). Основная задача исследования состояла в установлении значимых факторов, в большей степени влияющих на показатели качества угольных пластов. Показано решение поставленной задачи с позиции системного подхода при изучении массива горных пород, заключающегося в выделении и изучении множеств взаимосвязанных элементов, и оценке их влияния путем поочередного нормирования основных связей. Исследование проводилось в условиях пласта "Мощный" Нерюнгринского каменноугольного месторождения Южно-Якутского бассейна. При обработке экспериментальных данных использовались методы корреляционно-регрессионного анализа. Результаты исследований позволяют полнее использовать геологическую информацию и геофизические методы для оперативного планирования геологоразведочного процесса и горно-добычных работ. | ||
| 337 | |a Adobe Reader | ||
| 461 | 1 | |0 (RuTPU)RU\TPU\book\176237 |t Известия Томского политехнического университета [Известия ТПУ] |f Томский политехнический университет (ТПУ) |d 2000- | |
| 463 | 1 | |0 (RuTPU)RU\TPU\book\185844 |x 1684-8519 |t Т. 309, № 4 |v [С. 47-51] |d 2006 |p 273 с. | |
| 610 | 1 | |a геологические факторы | |
| 610 | 1 | |a формирование | |
| 610 | 1 | |a показатели | |
| 610 | 1 | |a качество | |
| 610 | 1 | |a уголь | |
| 610 | 1 | |a Нерюнгринское угольное месторождение | |
| 610 | 1 | |a генетические факторы | |
| 610 | 1 | |a эпигенетические факторы | |
| 610 | 1 | |a угольные пласты | |
| 610 | 1 | |a характеристики | |
| 610 | 1 | |a морфология | |
| 610 | 1 | |a петрографический состав | |
| 610 | 1 | |a восстановленность | |
| 610 | 1 | |a окисленность | |
| 610 | 1 | |a нарушенность | |
| 610 | 1 | |a физические свойства | |
| 610 | 1 | |a исследования | |
| 610 | 1 | |a задачи | |
| 610 | 1 | |a массивы | |
| 610 | 1 | |a горные породы | |
| 610 | 1 | |a элементы | |
| 610 | 1 | |a оценка | |
| 610 | 1 | |a Южно-Якутский бассейн | |
| 610 | 1 | |a обработка | |
| 610 | 1 | |a экспериментальные данные | |
| 610 | 1 | |a корреляционно-регрессионный анализ | |
| 610 | 1 | |a геологическая информация | |
| 610 | 1 | |a геофизические методы | |
| 610 | 1 | |a оперативное планирование | |
| 610 | 1 | |a геологоразведочные процессы | |
| 610 | 1 | |a горно-добычные работы | |
| 610 | 1 | |a электронный ресурс | |
| 700 | 1 | |a Шумилова |b О. Л. | |
| 801 | 1 | |a RU |b 63413507 |c 20090623 |g PSBO | |
| 801 | 2 | |a RU |b 63413507 |c 20211021 |g PSBO | |
| 856 | 4 | |u http://www.lib.tpu.ru/fulltext/v/Bulletin_TPU/2006/v309/i4/09.pdf | |
| 942 | |c CF | ||